U.S. Geography by Letter - J - Statistics

General Stats
  • This quiz has been taken 145 times
    116 since last reset
  • The average score is 7 of 13
Answer Stats
Hint Answer % Correct
Capital of Alaska Juneau
94%
Largest city in Florida Jacksonville
93%
Capital of Missouri Jefferson City
82%
The first U.S. settlement Jamestown
75%
Neighborhood in Queens, New York, that shares a name with a country Jamaica
68%
Large city on the Hudson River with views of the Manhattan skyline, despite not being in New York Jersey City
61%
Known for its upscale ski resorts in Wyoming Jackson Hole
57%
Presidential monument in Washington, D.C., near a serene body of water Jefferson Memorial
53%
National Park in California Joshua Tree
49%
Missouri city on historic Route 66 Joplin
40%
Home of the Arkansas State University Jonesboro
29%
Historic Chicago skyscraper's original name John Hancock Center
11%
National monument in the Black Hills of South Dakota, known for its calcite crystals Jewel Cave
6%
No matching quizzes found
Score Distribution
Percent of People with Each Score
Percentile by Number Answered
Your Score History
You have not taken this quiz since the last reset